| 000 | 00612nam a22001937a 4500 | ||
|---|---|---|---|
| 999 |
_c165997 _d165997 |
||
| 005 | 20190709161758.0 | ||
| 010 | _aENG-125869 | ||
| 020 |
_a9789386761620 _c795.00 |
||
| 035 | _aEN-109401 | ||
| 037 | _bDBAD/PUB | ||
| 082 | _a620.8 | ||
| 100 | _aTewari, P.C. | ||
| 245 |
_aWork study and ergonomics / _cby P.C. Tiwari |
||
| 260 |
_aNew Delhi _bAne Books _c2018 |
||
| 270 |
_a4821, Parwana Bhawan, 1st Floor, 24 Ansari Road, Daryaganj _bNew Delhi _e110002 _k011-23276843-44 _mkapoor@anebooks.com |
||
| 300 |
_aix,127p. _c24cm(Hb) |
||
| 500 | _aIncludes index | ||
| 942 |
_2ddc _cEN _h620.8 _mTEW |
||